Invités de Hot ones - Statistiques

Statistiques générales
  • Ce quiz a été pris 47 fois
  • Le résultat moyen est 9 sur 22
Statistiques - réponses
Indice Invité % Correct
Réalisateur, producteur, acteur Jonathan Cohen
71%
Vidéaste, humoriste, acteur, rappeur Mister V
71%
Vidéaste web, influenceuse, entrepreneuse Léna Situations
58%
Acteur François Civil
56%
Actrice Marina Foïs
51%
Humoriste Paul Mirabel
49%
Acteur, invité avec le précédent Pio Marmaï
49%
Humoriste, acteur et réalisateur Jérôme Commandeur
47%
Humoriste, acteur, producteur Jamel Debbouze
42%
Acteur, humoriste, vidéaste Jerôme Niel
42%
Actrice Leïla Bekhti
42%
Actrice Ana Girardot
40%
Acteur, auteur, réalisateur, compositeur, scénariste, producteur, monteur, musicien Alexandre Astier
38%
Actrice Camille Cottin
36%
Comédien, humoriste Redouane Bougheraba
33%
Humoriste, acteur Hakim Jemili
27%
Réalisateur, acteur, producteur, rappeur Jean-Pascal Zadi
22%
Chanteuse Juliette Armanet
20%
Humoriste, acteur, scénariste, réalisateur Panayotis Pascot
18%
Actrice, humoriste Melha Bedia
16%
Animateur, humoriste, acteur Monsieur Poulpe
16%
Auteure-compositrice-interprète, actrice Izïa Higelin
13%
Aucun quiz correspondant
Distribution des résultats
% des personnes avec chaque résultat
Percentile par nombre de réponses
Votre historique - résultats
Vous n’avez pas pris ce quiz